El canto errante /
Guardado en:
| Autor Principal: | |
|---|---|
| Otros Autores: | |
| Formato: | Libro |
| Publicado: |
Córdoba [argentina] :
Comunic-arte,
2015
|
| Series: | Sin Límites
|
| Materias: | |
| Etiquetas: |
Agregar Etiqueta
Sin Etiquetas, Sea el primero en etiquetar este registro!
|
| LEADER | 00762nam a22002535a 4500 | ||
|---|---|---|---|
| 001 | CEM.cems015244 | ||
| 005 | 20191025171623.0 | ||
| 008 | 130507s2015##################000#0#####d | ||
| 003 | CEMS | ||
| 020 | |a 9789876023399 | ||
| 082 | 0 | 4 | |a N861.3 |
| 100 | 1 | |a Darío, Rubén | |
| 245 | 1 | 0 | |a El canto errante / |c Rubén Darío ; ilustrado Por Eleonora Arroyo |
| 260 | |a Córdoba [argentina] : |b Comunic-arte, |c 2015 | ||
| 300 | |a 32 p. | ||
| 490 | 0 | |a Sin Límites | |
| 653 | |a Literatura | ||
| 653 | |a Literatura nicaraguense | ||
| 653 | |a Literatura infantil | ||
| 653 | |a Poesía | ||
| 653 | |a Poesía infantil | ||
| 653 | |a Colección ciencias de la educación | ||
| 700 | 1 | |a Arroyo, Eleonora | |
| 859 | |a CEMS |b BIB. CEMS - Ccias. Educacion |h N861.3 |i D248-1 |k CE |p 28436.19 |t Ej.1 | ||
